书目信息 |
| 题名: |
晒版与打样
|
|
| 作者: | 姜阵威 主编 | |
| 分册: | ||
| 出版信息: | 北京 中国劳动社会保障出版社 2005.06 |
|
| 页数: | 66页 | |
| 开本: | 26cm | |
| 丛书名: | ||
| 单 册: | ||
| 中图分类: | TS804 | |
| 科图分类: | ||
| 主题词: | 印刷工业 , 印刷 | |
| 电子资源: | ||
| ISBN: | 7-5045-1703-8 | |
| 000 | 00639nam0 2200217 450 | |
| 001 | 0755138702 | |
| 005 | 20071215091451.40 | |
| 010 | @a7-5045-1703-8@dCNY9.00 | |
| 100 | @a20071122d2005 km y0chiy0120 ea | |
| 101 | 0 | @achi |
| 200 | 1 | @a晒版与打样@Ashai ban yu da yang@f姜阵威主编@Fjiang zhen wei zhu bian |
| 210 | @a北京@c中国劳动社会保障出版社@d2005.06 | |
| 215 | @a66页@d26cm | |
| 300 | @a全国中等职业技术学校印刷专业教材 | |
| 606 | 0 | @a印刷工业 |
| 606 | 0 | @a印刷 |
| 690 | @aTS804@v4 | |
| 701 | 0 | @a姜阵威@Ajiang zhen wei@4主编 |
| 801 | 0 | @aCN@b大连网信软件有限公司图书馆@c20071215 |
| 905 | @aBZT@dTS804@e1 | |
| 906 | @dCNY9.00@n0@r1 | |
| 晒版与打样/姜阵威主编.-北京:中国劳动社会保障出版社,2005.06 |
| 66页;26cm |
| 全国中等职业技术学校印刷专业教材 |
| ISBN 7-5045-1703-8:CNY9.00 |
| ● |
| 相关链接 |
|
|
|
正题名:晒版与打样
索取号:TS804/1
 
预约/预借
| 序号 | 登录号 | 条形码 | 馆藏地/架位号 | 状态 | 备注 |
| 1 | 639815 | 2000639815 | 中心书库中库/ 中库025架A面8列4层25/ [索取号:TS804/1] | 在馆 | |
| 2 | 639816 | 2000639816 | 中心书库中库/ 中库025架A面8列4层29/ [索取号:TS804/1] | 在馆 | |
| 3 | 639817 | 2000639817 | 中心书库中库/ 中库025架A面8列4层31/ [索取号:TS804/1] | 在馆 | |
| 4 | 639818 | 2000639818 | 中心书库中库/ 中库025架A面8列4层30/ [索取号:TS804/1] | 在馆 | |
| 5 | 639819 | 2000639819 | 中心书库中库/ 中库025架A面8列4层28/ [索取号:TS804/1] | 在馆 | |
| 6 | 639820 | 2000639820 | 中心书库中库/ 中库025架A面8列4层26/ [索取号:TS804/1] | 在馆 | |
| 7 | 639821 | 2000639821 | 中心书库中库/ 中库025架A面8列4层24/ [索取号:TS804/1] | 在馆 | |
| 8 | 639822 | 2000639822 | 中心书库中库/ 中库025架A面8列4层23/ [索取号:TS804/1] | 在馆 | |
| 9 | 639823 | 2000639823 | 中心书库中库/ 中库025架A面8列4层22/ [索取号:TS804/1] | 在馆 | |
| 10 | 639824 | 2000639824 | 中心书库中库/ 中库025架A面8列4层27/ [索取号:TS804/1] | 在馆 |